header

Spirituality and health (Record no. 187536)

MARC details
000 -LEADER
fixed length control field 01522nam a2200373Ia 4500
082 04 - DEWEY DECIMAL CLASSIFICATION NUMBER
Classification number 201/.661
245 00 - TITLE STATEMENT
Title Spirituality and health
260 ## - PUBLICATION, DISTRIBUTION, ETC. (IMPRINT)
Place of publication Waterloo, Ont. :
Name of publisher Wilfred Laurier University Press,
Year of publication c2005.
300 ## - PHYSICAL DESCRIPTION
Number of Pages xx, 316 p. :
Other physical details ill.
650 #0 - SUBJECT ADDED ENTRY--TOPICAL TERM
Topical Term Health
Topical Term Medical care
Topical Term Spirituality.
Topical Term Spiritual healing.
Topical Term Holistic medicine
Topical Term Pastoral counseling.
700 1# - ADDED ENTRY--PERSONAL NAME
Personal name Meier, Augustine,
Personal name O'Connor, Thomas St. James,
Personal name VanKatwyk, Peter L.
856 40 - ELECTRONIC LOCATION AND ACCESS
Uniform Resource Identifier http://site.ebrary.com/lib/rucke/Doc?id=10135344

No items available.

© 2026 Rongo University
Contact us: librarian | system librarian | Rongo university